| 000 | 01172aam a2200313 a 4500 | ||
|---|---|---|---|
| 999 |
_c322605 _d322605 |
||
| 003 | BLK | ||
| 005 | 20250714091804.0 | ||
| 008 | 180531b bul||||| |||| 00| 0 bul d | ||
| 020 | _a978-619-151-422-9 | ||
| 040 | _aBLK | ||
| 041 |
_aBUL _cBUL |
||
| 072 |
_9178275 _aН83 _xЧужда художествена литература Н |
||
| 080 |
_aАмериканска литература (на САЩ) _b821.111(73) _x-31 _z821.111(73)-31 |
||
| 100 |
_aГрац, Алън _eпърви автор _91299 |
||
| 139 |
_aГрац, Алън _bГ 78 |
||
| 245 |
_aЗабранете тази книга _bроман _cАлън Грац ; прев. Елена Павлова |
||
| 257 | _aUSA | ||
| 260 |
_bСофтпрес _c2018 _aСофия _fДобрич : Фолиарт |
||
| 300 |
_a240 с. _c20 см |
||
| 380 | _aX | ||
| 500 | _aОриг. загл. Ban This Book / Alan Gratz. - Съдържа и за авт. | ||
| 659 | 7 |
_9178160 _aН _xНови книги |
|
| 700 |
_9966 _aПавлова, Елена _eпрев. |
||
| 765 |
_aBan This Book _cAlan Gratz |
||
| 852 | _aЦб 296637 | ||
| 942 |
_cKNG _2udc _n0 _027 _s1 |
||
| 999 | _d322605 | ||
| 999 | _d322605 | ||
| 944 |
_k30531 _lЦветелина Шанова |
||